| 000 | 00935nmc a2200313 a 4500 | ||
|---|---|---|---|
| 003 | AR-BaBNM | ||
| 005 | 20251128203246.0 | ||
| 008 | 011101s1981 ||||||||||||||000 | spa|| | ||
| 020 | _a84-7046-274-1 | ||
| 040 | _cAR-BaBNM | ||
| 245 | 1 | 0 |
_aEl niño descubre su lengua materna _bjuegos para la enseñanza del lenguaje |
| 260 |
_aMadrid _bCincel-Kapelusz _c1981 |
||
| 300 | 0 |
_a153 p. _bil., tablas |
|
| 490 | 0 |
_aDiálogos en educación _vv. 12 |
|
| 500 | 0 | _aContiene referencias bibliográficas y apéndices | |
| 650 | 4 | _aENSENANZA DE LA LECTURA | |
| 650 | 4 | _aJUEGOS EDUCATIVOS | |
| 650 | 4 | _aMETODOS DE ENSENANZA | |
| 650 | 4 | _aCOMUNICACION VERBAL | |
| 650 | 4 | _aEXPRESION ORAL | |
| 653 | 0 | _aENSENANZA DE LA LENGUA | |
| 700 | 1 | _aBillaut, J. | |
| 700 | 1 | _aDronne, G. | |
| 700 | 1 | _aFouliard, A. | |
| 700 | 1 | _aSauvy, S. | |
| 800 | 1 |
_aRodríguez Diéguez, José Luis _eeditor _ecoordinador |
|
| 942 | _cBK | ||
| 998 | _cMarce | ||
| 999 |
_c2602 _d2602 |
||